00352nam a22001337a 4500003000400000020001800004082001800022100002000040245005700060250000800117260001900125300004100144650003300185SGT a9783030919191 a617.522bP22M aMiloro, Michael aPeterson's Principles of Oral & Maxilofacial Surgery a4th bSpringerc2022 aVol.1 : 1-1241 Vol.2 : 1242-2328 aOral & Maxillofacial Surgery